00765 2200253 4500001002100000005001500021035002000036007000300056008004100059020002200100082001000122084001600132100003000148245011700178300003000295700002700325700002900352600001300381264004500394336002100439337002000460338001800480990001300498INLIS00000000000237120250811083733 a0010-0825000101ta250811 0 ind  a978-979-22-3557-9 a133.9 a133.9 MAR l0 aMary T. BrowneePengarang1 a5 Aturan Pikiran :bBagaimana Menggunakan Kekuatan Pikiran Untuk Meraih Apa yang Kita Inginkan /cMary T. Browne aix, 269 hlm :b- ;c14 cm0 aSofnir AlieIlustrator0 aFitri YuniarePenyunting 4aFilsafat aJakarta :bGramedia Pustaka Utama,c2008 2rdacontentaTeks 2rdamediaaCetak 2rdacarriera- a25000476